| 000 | 00997nam a22001817a 4500 | ||
|---|---|---|---|
| 008 | 100725t2001 xxu||||| |||| 00| 0 ara d | ||
| 020 | _a9770175633 | ||
| 082 |
_222 _bج و ا _a350.0031 |
||
| 100 | 1 |
_916775 _aالجوادي، محمد |
|
| 245 |
_aالمحافظون : _bقوائم كاملة وترتيبية وفهارس تفصيلية وأبجدية وزمنية ودراسة لتسلسل وتطور اختيار المحافظين منذ بدء نظام الإدارة المحلية (1960-2001 ) / _cمحمد الجوادى . |
||
| 260 |
_aالقاهرة : _bالهيئة المصرية العامة للكتاب ، _c2001. |
||
| 300 |
_a495 ص : _c24 سم. |
||
| 500 | _aيحتوي علي فهارس | ||
| 541 |
_aألف باء ؛ _cشراء ؛ |
||
| 650 | 0 |
_916819 _aرجال الدولة |
|
| 942 |
_2ddc _cBB |
||
| 999 |
_c14542 _d14542 |
||